[Event "IECC Swiss-525.3"]
[Site "IECC email"]
[Date "2008.04.15"]
[Round "?"]
[White "Pivirotto, Filiberto"]
[Black "Hopkins, James"]
[Result "1-0"]
[WhiteElo "1702"]
[BlackElo "1399"]
[PlyCount "69"]
[EventDate "2008.??.??"]
[EventType "tourn (corr)"]
[EventRounds "1"]
[SourceTitle "Corr 2011"]
[Source "ChessBase"]
[SourceDate "2010.08.31"]
[SourceVersion "1"]
[SourceVersionDate "2010.08.31"]
[SourceQuality "1"]
[WhiteTeam "Italy"]
[BlackTeam "US of America"]
[WhiteTeamCountry "ITA"]
[BlackTeamCountry "USA"]

1. b3 d5 2. Bb2 Nf6 3. e3 Bg4 4. Be2 Bxe2 5. Qxe2 e6 6. Qb5+ Nc6 7. Qxb7 Nb4 8. Bxf6 gxf6 9. Kd1 Rb8 10. Qxa7 Ra8 11. Qd4 c5 12. Qb2 Bg7 13. a3 Nc6 14. Nf3 0-0 15. Ke1 f5 16. Nc3 d4 17. exd4 Nxd4 18. a4 Nxf3+ 19. gxf3 Qf6 20. Kf1 Rfd8 21. Rd1 Qh4 22. Ke2 Bd4 23. Rdg1+ Kh8 24. Rf1 Rg8 25. Qa3 Rg2 26. Nd1 Qf4 27. Ne3 Qe5 28. Kd1 Bxe3 29. dxe3 Rd8+ 30. Ke2 f4 31. Qa1 Qxa1 32. Rxa1 Rxh2 33. Rxh2 fxe3 34. fxe3 h6 35. Rg1 1-0